[Event "40th Olympiad Open"]
[Site "Istanbul TUR"]
[Date "2012.09.06"]
[Round "9.78"]
[Board "2"]
[White "Yarmonov, Igor"]
[Black "Maznitsin, A"]
[Result "1/2-1/2"]
[WhiteTitle "IM"]
[WhiteElo "2333"]
[BlackElo "2283"]
[WhiteTeam "IPCA"]
[BlackTeam "Kyrgyzstan"]
[WhiteFideId "14114496"]
[BlackFideId "13800302"]
[EventDate "2012.08.28"]

1. d4 Nf6 2. c4 e6 3. Nc3 d5 4. Nf3 Be7 5. Bg5 O-O 6. e3 Nbd7 7. a3 b6 8. cxd5
exd5 9. Bd3 Bb7 10. O-O Re8 11. b4 a6 12. Qb1 Ne4 13. Bxe7 Qxe7 14. Rc1 Ndf6 15.
Ne5 c5 16. bxc5 bxc5 17. Nxe4 dxe4 18. Bc4 Rf8 19. Qb3 Rad8 20. Nxf7 Rxf7 21.
Bxf7+ Qxf7 22. Qxf7+ Kxf7 23. Rxc5 Nd5 24. Rb1 Rd7 25. Rb3 h5 26. f3 Nf6 27. Kf2
h4 28. Rbc3 h3 29. Rc7 Ke7 30. Rxd7+ Kxd7 31. f4 hxg2 32. Kxg2 Nd5 33. Rb3 Bc6
34. Kf2 Bb5 35. Rb1 Ke6 36. Rg1 Kf6 37. Rc1 g6 38. Rc5 Ke6 39. h4 Kd6 40. Rc8
Ke7 41. Rc5 Kd6 42. Rc8 Ke7 43. Rc1 Ke6 44. Rg1 Kf6 45. Rg5 Nb6 46. Rc5 Nd7 47.
Rd5 Ke6 48. Rg5 Kf6 49. Ke1 Nb6 50. Rc5 Na4 51. Re5 Nc3 52. d5 Bd7 53. h5 gxh5
54. Rxh5 Ke7 55. d6+ Ke6 56. Kd2 Nb1+ 57. Kc1 Nxa3 58. Re5+ Kxd6 59. Rxe4 Nb5
60. Kd2 Nc7 61. Re5 Nd5 62. Rh5 a5 63. Rh6+ Kc5 64. Rh5 Kd6 65. Rh6+ Kc5 66. Rh5
Kd6 67. Rh6+ 1/2-1/2

[Event "40th Olympiad Open"]
[Site "Istanbul TUR"]
[Date "2012.09.06"]
[Round "9.78"]
[Board "4"]
[White "Bernardi, Ruben"]
[Black "Takyrbashev, B."]
[Result "0-1"]
[WhiteElo "2121"]
[BlackElo "2195"]
[WhiteTeam "IPCA"]
[BlackTeam "Kyrgyzstan"]
[WhiteFideId "804428"]
[BlackFideId "13800272"]
[EventDate "2012.08.28"]

1. e4 c5 2. Nf3 Nc6 3. d4 cxd4 4. Nxd4 g6 5. Nc3 Bg7 6. Be3 Nf6 7. Be2 O-O 8.
O-O d5 9. exd5 Nb4 10. d6 Qxd6 11. Ndb5 Qxd1 12. Raxd1 Bf5 13. Nd4 Bg4 14. f3
Bd7 15. a3 Nfd5 16. Nxd5 Nxd5 17. Bc1 Ba4 18. Bc4 Nb6 19. Bb3 Rfd8 20. Ne2 Bxb3
21. cxb3 Rdc8 22. a4 e6 23. Rf2 Nd5 24. g3 Rc2 25. Nf4 Bd4 26. Rxd4 Rxc1+ 27.
Rf1 Rxf1+ 28. Kxf1 Ne3+ 29. Ke2 e5 30. Rd7 exf4 31. Rxb7 a5 32. Rb5 Nf5 33. Kf2
Rc8 34. gxf4 Rc2+ 35. Kf1 Rxb2 36. Rxa5 Rxb3 37. Ra8+ Kg7 38. Kg2 Rb2+ 0-1

[Event "40th Olympiad Open"]
[Site "Istanbul TUR"]
[Date "2012.09.07"]
[Round "10.7"]
[Board "4"]
[White "Gustafsson, Jan"]
[Black "Stupak, Kirill"]
[Result "1-0"]
[WhiteTitle "GM"]
[BlackTitle "GM"]
[WhiteElo "2610"]
[BlackElo "2523"]
[WhiteTeam "Germany"]
[BlackTeam "Belarus"]
[WhiteFideId "4625498"]
[BlackFideId "13503758"]
[EventDate "2012.08.28"]

1. d4 e6 2. c4 Bb4+ 3. Nd2 d5 4. Nf3 Nf6 5. Qa4+ Nc6 6. a3 Bxd2+ 7. Bxd2 Ne4 8.
Rd1 Nxd2 9. Rxd2 O-O 10. e3 Ne7 11. Bd3 b6 12. cxd5 exd5 13. O-O Qd6 14. Rc1 c6
15. b4 Bd7 16. Ne5 Be8 17. Bb1 g6 18. Qb3 Kg7 19. a4 f6 20. Nf3 Bd7 21. Bd3 a5
22. bxa5 Rxa5 23. Qxb6 Rxa4 24. Rb2 Raa8 25. Rcb1 Ra3 26. Rb3 Rxb3 27. Qxb3 Ra8
28. Qc2 Rb8 29. Ra1 Qb4 30. Nd2 Kf7 31. Rb1 Qd6 32. Nb3 Bf5 33. Bxf5 Nxf5 34.
Ra1 Ne7 35. Nc5 Nc8 36. g3 Kg7 37. Kg2 Kf7 38. Ra6 Rb6 39. Rxb6 Nxb6 40. Nb7 Qe7
41. Na5 f5 42. Nxc6 Qe4+ 43. Qxe4 fxe4 44. h4 Nc4 45. Nb4 Ke6 46. g4 h6 47. Na2
Nd2 48. Nc3 Nf3 49. Kg3 g5 50. h5 Kd6 51. Ne2 Ke6 52. Kh3 Kf6 53. Ng3 Nh4 54.
Kh2 Ke6 55. Kh1 Kd7 56. f3 exf3 57. Kg1 Kd6 58. Kf1 Kd7 59. Kf2 Kc6 60. Nf1 Kb5
61. Ng3 Kc6 62. Nf1 Kb5 63. Nd2 Kb4 64. e4 dxe4 65. Nxe4 Kc4 66. Ke3 Ng2+ 67.
Kxf3 Ne1+ 68. Kg3 Kxd4 69. Nxg5 Ke5 70. Nf7+ Kf6 71. Nxh6 Nd3 72. Kh4 Ne5 73.
g5+ Ke6 74. Kg3 Nd7 75. Kf4 Ne5 76. Ng4 Nd3+ 77. Ke3 1-0

[Event "40th Olympiad Open"]
[Site "Istanbul TUR"]
[Date "2012.09.07"]
[Round "10.23"]
[Board "2"]
[White "Vera Siguenas, Deivy"]
[Black "Khusenkhojaev, Muhammad"]
[Result "1-0"]
[WhiteTitle "FM"]
[WhiteElo "2359"]
[BlackElo "2378"]
[WhiteTeam "Peru"]
[BlackTeam "Tajikistan"]
[WhiteFideId "3804623"]
[BlackFideId "14700247"]
[EventDate "2012.08.28"]

1. e4 e5 2. Nf3 Nc6 3. Bb5 a6 4. Ba4 Nf6 5. O-O Be7 6. Re1 b5 7. Bb3 d6 8. c3
O-O 9. h3 Na5 10. Bc2 c5 11. d4 Nd7 12. Nbd2 cxd4 13. cxd4 Nc6 14. Nb3 a5 15.
Be3 a4 16. Nbd2 Bf6 17. Nf1 Nb6 18. d5 Nb4 19. Bb1 Nc4 20. Bc1 Bd7 21. Ne3 Qb8
22. Nc2 Nxc2 23. Bxc2 Rc8 24. Bd3 Bd8 25. Rb1 b4 26. Qe2 Na5 27. Bd2 b3 28. a3
Nb7 29. Rbc1 Nc5 30. Bc4 Bb6 31. Red1 Rc7 32. Bb4 Qd8 33. Rc3 Kh8 34. Rdc1 Qf6
35. Bb5 Bc8 36. Bxc5 Rxc5 37. Rxc5 Bxc5 38. Rc3 g5 39. Nh2 Qe7 40. Nf1 f5 41.
exf5 Bxf5 42. Ne3 Bd7 43. Bxd7 Qxd7 44. Ng4 Qf5 45. Rf3 Qb1+ 46. Kh2 Qc2 47. Qb5
Qg6 48. Qb7 Qg8 49. Nh6 Ra7 50. Qb5 Qa8 51. Nf7+ Kg7 52. Nxg5 Kg6 53. Qd3+ Kh6
54. Rf6+ Kg7 55. Qxh7+ Kxf6 56. Ne4# 1-0

[Event "40th Olympiad Open"]
[Site "Istanbul TUR"]
[Date "2012.09.07"]
[Round "10.23"]
[Board "3"]
[White "Djuraev, Sokhib"]
[Black "Leiva, Giuseppe"]
[Result "0-1"]
[WhiteTitle "FM"]
[BlackTitle "FM"]
[WhiteElo "2354"]
[BlackElo "2283"]
[WhiteTeam "Tajikistan"]
[BlackTeam "Peru"]
[WhiteFideId "14201690"]
[BlackFideId "3804399"]
[EventDate "2012.08.28"]

1. e4 c5 2. Nf3 d6 3. d4 cxd4 4. Nxd4 Nf6 5. Nc3 a6 6. Bg5 Nbd7 7. Bc4 h6 8. Bh4
Qc7 9. Bb3 g6 10. O-O Bg7 11. Nd5 Nxd5 12. exd5 Nc5 13. c3 Nxb3 14. Nxb3 O-O 15.
Re1 Re8 16. Re3 g5 17. Bg3 Bd7 18. h4 Qc4 19. hxg5 hxg5 20. Qd2 Bf6 21. f3 Bf5
22. Rae1 Rad8 23. Bf2 Kg7 24. Na5 Qxa2 25. c4 Qxb2 26. Qxb2 Bxb2 27. Rxe7 Rxe7
28. Rxe7 b5 29. Nb7 Rd7 30. Rxd7 Bxd7 31. c5 dxc5 32. Nxc5 Bc8 33. d6 a5 34. d7
Bxd7 35. Nxd7 a4 36. Nc5 a3 37. Nb3 a2 38. Be1 a1=Q 39. Nxa1 Bxa1 40. Kf2 Kf6
41. Ke3 Ke5 42. g4 Kd5 43. f4 Bd4+ 44. Kf3 Kc4 45. Bd2 Bc3 46. Bc1 Kd3 47. Ba3
b4 48. Bxb4 Bxb4 49. fxg5 Bd2 0-1

[Event "40th Olympiad Open"]
[Site "Istanbul TUR"]
[Date "2012.09.07"]
[Round "10.23"]
[Board "4"]
[White "Pacheco, Marco"]
[Black "Yunusov, Ilhom"]
[Result "0-1"]
[WhiteTitle "FM"]
[WhiteElo "2383"]
[BlackElo "2190"]
[WhiteTeam "Peru"]
[BlackTeam "Tajikistan"]
[WhiteFideId "3800989"]
[BlackFideId "14700298"]
[EventDate "2012.08.28"]

1. d4 e6 2. c4 f5 3. g3 Nf6 4. Bg2 c6 5. Nh3 d5 6. Nd2 Bd6 7. O-O O-O 8. Qc2 Qe8
9. Nf3 Nbd7 10. Bf4 Be7 11. cxd5 exd5 12. Bd2 Ne4 13. Nf4 Bf6 14. Nd3 g5 15. Bb4
Rf7 16. e3 h5 17. Nd2 Nf8 18. f3 Nxd2 19. Qxd2 Ng6 20. f4 h4 21. Ne5 Rh7 22. Rf2
Be6 23. Bf3 Kg7 24. Rg2 hxg3 25. hxg3 g4 26. Be2 Nxe5 27. dxe5 Be7 28. Bxe7 Qxe7
29. Bd3 Rah8 30. Kf2 c5 31. b3 b5 32. Bxb5 d4 33. Bc4 Bxc4 34. bxc4 Qb7 35. Qe2
d3 36. Qxd3 Qf3+ 37. Ke1 Rh1+ 38. Kd2 Qxg2+ 39. Kc3 Qb7 0-1

[Event "40th Olympiad Open"]
[Site "Istanbul TUR"]
[Date "2012.09.07"]
[Round "10.24"]
[Board "2"]
[White "Li, Ruofan"]
[Black "Ly, Moulthun"]
[Result "0-1"]
[WhiteTitle "IM"]
[BlackTitle "IM"]
[WhiteElo "2419"]
[BlackElo "2397"]
[WhiteTeam "Singapore"]
[BlackTeam "Australia"]
[WhiteFideId "8600643"]
[BlackFideId "3204405"]
[EventDate "2012.08.28"]

1. d4 d5 2. c4 c6 3. Nf3 Nf6 4. e3 a6 5. a4 g6 6. Nc3 Bg7 7. Bd3 O-O 8. O-O c5
9. dxc5 dxc4 10. Bxc4 Qa5 11. Qe2 Qxc5 12. b3 Qa5 13. Bb2 Bg4 14. Rfd1 e6 15.
Nb5 Nc6 16. Nd6 Qc7 17. h3 Bxf3 18. Qxf3 Nd7 19. Bxg7 Kxg7 20. Rac1 Nde5 21. Qf4
Rad8 22. Ne4 Qe7 23. Rxd8 Rxd8 24. h4 h6 25. b4 Nxc4 26. Rxc4 Rd1+ 27. Kh2 Rd5
28. Ng3 Ne5 29. Rc8 Nd3 30. Rc7 Rd7 31. Rxd7 Qxd7 32. Qf3 Nxb4 33. Qg4 Nd5 34.
h5 g5 35. a5 Nf6 36. Qb4 Kg8 37. Ne4 Nxe4 38. Qxe4 Qb5 39. Qd4 Qxa5 40. Qf6 Qf5
41. Qxh6 Qe5+ 42. f4 gxf4 43. exf4 Qg7 0-1

[Event "40th Olympiad Open"]
[Site "Istanbul TUR"]
[Date "2012.09.07"]
[Round "10.24"]
[Board "3"]
[White "Solomon, Stephen J."]
[Black "Shanmugam, Ravindran"]
[Result "1-0"]
[WhiteTitle "IM"]
[BlackTitle "IM"]
[WhiteElo "2378"]
[BlackElo "2406"]
[WhiteTeam "Australia"]
[BlackTeam "Singapore"]
[WhiteFideId "3200043"]
[BlackFideId "5801770"]
[EventDate "2012.08.28"]

1. e4 e5 2. Nf3 Nc6 3. Bb5 a6 4. Ba4 Nf6 5. O-O Nxe4 6. d4 b5 7. Bb3 d5 8. dxe5
Be6 9. Nbd2 Bc5 10. Nxe4 dxe4 11. Bxe6 fxe6 12. Ng5 Qxd1 13. Rxd1 O-O 14. Nxe4
Bb6 15. a4 Nxe5 16. Kf1 h6 17. Ke2 Rad8 18. Rxd8 Rxd8 19. a5 Ba7 20. Bf4 Nc4 21.
Bxc7 Rd4 22. f3 Nxb2 23. Bb6 Rd7 24. Nc5 Re7 25. Rb1 Nc4 26. Nxa6 Nxb6 27. axb6
Bxb6 28. Rxb5 Bg1 29. h3 Ra7 30. Nb4 Ra1 31. Nd3 Bd4 32. Rb4 Bg1 33. Nf4 Kf7 34.
Rb7+ Kf6 35. Nh5+ Kg6 36. Nxg7 Ra6 37. Rd7 Bh2 38. g4 Rc6 39. Kd3 Kg5 40. c4 Kh4
41. Re7 e5 42. Re6 Rc8 43. Nf5+ Kxh3 44. Rxh6+ Kg2 45. Ne3+ Kg1 46. g5 Bf4 47.
Ke4 Rg8 48. Rh4 Kf2 49. Ng4+ Kg3 50. Rh1 Rxg5 51. Rg1+ Kh4 52. c5 Rg8 53. c6 Rd8
54. Nxe5 Bh2 55. Rg7 Rd2 56. f4 Rc2 57. Nf3+ Kh5 58. Nxh2 Kh6 59. Rg5 Rxh2 60.
Rc5 1-0

[Event "40th Olympiad Open"]
[Site "Istanbul TUR"]
[Date "2012.09.07"]
[Round "10.24"]
[Board "4"]
[White "Fernandez, Daniel Howard"]
[Black "Illingworth, Max"]
[Result "0-1"]
[WhiteTitle "IM"]
[BlackTitle "FM"]
[WhiteElo "2370"]
[BlackElo "2360"]
[WhiteTeam "Singapore"]
[BlackTeam "Australia"]
[WhiteFideId "5801605"]
[BlackFideId "3205207"]
[EventDate "2012.08.28"]

1. Nf3 d6 2. d4 Nf6 3. c4 g6 4. Nc3 Bg7 5. Bf4 O-O 6. h3 Nbd7 7. e3 b6 8. Bh2
Bb7 9. Be2 Ne4 10. Nxe4 Bxe4 11. O-O e5 12. Nd2 Bb7 13. Bf3 Qc8 14. Qa4 Rd8 15.
Bxb7 Qxb7 16. Nf3 c5 17. d5 e4 18. Nd2 f5 19. Qc2 Nf6 20. Rae1 Qe7 21. a3 Rac8
22. Kh1 Rf8 23. b4 Nd7 24. Nb3 Be5 25. bxc5 dxc5 26. Bxe5 Nxe5 27. Qc3 Rce8 28.
Rd1 Qd6 29. Nd2 Rf7 30. f4 exf3 31. Nxf3 Nxf3 32. Rxf3 Re4 33. Kg1 Rfe7 34. Rc1
R7e5 35. a4 Re8 36. Rd1 Qe5 37. Rd3 h5 38. Qxe5 R8xe5 39. Rg3 Kf7 40. d6 Re8 41.
d7 Rd8 42. Rd6 Rxc4 43. Rgxg6 Rxd7 44. Rxd7+ Kxg6 45. Rxa7 Kf6 46. Ra6 Ke5 47.
Rxb6 Rxa4 48. Kf2 Ke4 49. Re6+ Kd3 50. Kf3 c4 51. Rd6+ Kc2 52. g4 hxg4+ 53. hxg4
fxg4+ 54. Kxg4 c3+ 55. Kf5 Kb3 56. Rd1 c2 57. Rh1 Ra5+ 58. Ke6 Rc5 59. Kd6 c1=Q
60. Rxc1 Rxc1 61. e4 Rd1+ 62. Kc6 Re1 63. Kd5 Kb4 64. e5 Kb5 65. Kd6 Kb6 66. e6
Rd1+ 67. Ke7 Kc7 68. Kf7 Rf1+ 69. Ke8 Kd6 70. e7 Re1 0-1

[Event "40th Olympiad Open"]
[Site "Istanbul TUR"]
[Date "2012.09.07"]
[Round "10.25"]
[Board "2"]
[White "Blagojevic, Dragisa"]
[Black "Darini, Pouria"]
[Result "0-1"]
[WhiteTitle "GM"]
[BlackTitle "IM"]
[WhiteElo "2514"]
[BlackElo "2503"]
[WhiteTeam "Montenegro"]
[BlackTeam "Iran"]
[WhiteFideId "900885"]
[BlackFideId "12502200"]
[EventDate "2012.08.28"]

1. d4 Nf6 2. c4 g6 3. Nf3 Bg7 4. g3 O-O 5. Bg2 d5 6. cxd5 Nxd5 7. O-O Nb6 8. Nc3
Nc6 9. e3 Re8 10. d5 Na5 11. Nd4 Bd7 12. Nb3 Nxb3 13. axb3 c6 14. dxc6 Bxc6 15.
e4 Nd7 16. b4 a6 17. Qb3 Qb6 18. Be3 Bd4 19. Bxd4 Qxd4 20. Rfd1 Qb6 21. Nd5 Bxd5
22. Rxd5 Nf6 23. Rc5 Nd7 24. Rd5 Nf6 25. Rc5 e5 26. Rac1 Rad8 27. Rc7 Rf8 28.
Qc3 Rd4 29. Re7 Rxb4 30. Qxe5 Rxb2 31. Qf4 Nh5 32. Qf3 Rb1 33. Qd1 Rxc1 34. Qxc1
Qb4 35. Qc7 b5 36. e5 Qb1+ 37. Bf1 Ng7 38. Qa7 Nf5 39. Rd7 Qa1 40. e6 fxe6 41.
Kg2 Qf6 42. Kg1 h5 43. Bh3 Ng7 44. Rd2 Qa1+ 45. Bf1 a5 46. Kg2 b4 47. Qe7 Qf6
48. Qb7 Nf5 49. Bc4 h4 50. Qe4 Ng7 51. Bb3 Qf5 52. Qe3 Qf3+ 53. Qxf3 h3+ 54.
Kxh3 Rxf3 55. Bd1 Rc3 56. Rd8+ Kf7 57. Ra8 b3 58. Rxa5 b2 59. Rb5 Rc1 60. Rxb2
Rxd1 61. Kg4 Rd5 62. h4 Kf6 63. Ra2 Nf5 64. Rb2 Nd6 65. Re2 Rd4+ 66. Kf3 Nc4 67.
Rc2 e5 68. Ra2 Kf5 69. Ra6 e4+ 70. Ke2 Rd2+ 71. Ke1 Rb2 72. g4+ Kxg4 73. Rxg6+
Kxh4 74. Re6 Nd2 75. Ke2 Nf3+ 76. Ke3 Ng5 77. Rf6 Rb3+ 78. Kd4 0-1

[Event "40th Olympiad Open"]
[Site "Istanbul TUR"]
[Date "2012.09.07"]
[Round "10.25"]
[Board "3"]
[White "Idani, Pouya"]
[Black "Kosic, Dragan"]
[Result "1-0"]
[WhiteTitle "IM"]
[BlackTitle "GM"]
[WhiteElo "2477"]
[BlackElo "2526"]
[WhiteTeam "Iran"]
[BlackTeam "Montenegro"]
[WhiteFideId "12510130"]
[BlackFideId "900290"]
[EventDate "2012.08.28"]

1. e4 e6 2. d4 d5 3. Nc3 Nf6 4. Bg5 dxe4 5. Nxe4 Nbd7 6. Nxf6+ Nxf6 7. Nf3 h6 8.
Bxf6 Qxf6 9. Bb5+ c6 10. Bd3 Bd6 11. Qe2 Bd7 12. O-O O-O 13. Ne5 Rfd8 14. f4 g6
15. Qe3 Bf8 16. c3 Rac8 17. b4 Be8 18. Kh1 b6 19. Bc4 a5 20. a3 axb4 21. axb4
Ra8 22. Qe4 Rxa1 23. Rxa1 Qf5 24. Qxf5 gxf5 25. Kg1 Rb8 26. Be2 Bd6 27. Nd3 Rc8
28. Ra6 Bc7 29. c4 f6 30. Kf2 Bf7 31. c5 Rb8 32. Ra7 Bd8 33. Bf3 Be8 34. Ke3 Rc8
35. Rb7 b5 36. Ra7 Bc7 37. g3 Kf8 38. Nc1 e5 39. d5 Bb8 40. Ra6 e4 41. Be2 cxd5
42. Nb3 Bc7 43. Nd4 Bd8 44. Ra7 Bf7 45. Nxf5 Rb8 46. Nd4 f5 47. Ra6 h5 48. Nxf5
Be8 49. Nd4 Be7 50. Nf5 Bd8 51. Rh6 Kg8 52. Re6 Bd7 53. Re5 Bc6 54. Nd4 1-0

[Event "40th Olympiad Open"]
[Site "Istanbul TUR"]
[Date "2012.09.07"]
[Round "10.25"]
[Board "4"]
[White "Kalezic, Blazo"]
[Black "Golizadeh, Asghar"]
[Result "1-0"]
[WhiteTitle "IM"]
[BlackTitle "GM"]
[WhiteElo "2438"]
[BlackElo "2472"]
[WhiteTeam "Montenegro"]
[BlackTeam "Iran"]
[WhiteFideId "921815"]
[BlackFideId "12505269"]
[EventDate "2012.08.28"]

1. e4 c5 2. d3 Nc6 3. g3 g6 4. Bg2 Bg7 5. f4 d6 6. Nf3 Bg4 7. c3 Nf6 8. h3 Bxf3
9. Qxf3 Rb8 10. O-O O-O 11. Be3 Nd7 12. Nd2 b5 13. a3 a5 14. g4 b4 15. axb4 axb4
16. e5 Rc8 17. d4 bxc3 18. bxc3 cxd4 19. cxd4 Nb4 20. Rad1 Rc3 21. Ne4 Ra3 22.
Qe2 Nb6 23. Kh1 N6d5 24. Bc1 Ra2 25. Qf3 Qb6 26. exd6 exd6 27. f5 Bxd4 28. fxg6
hxg6 29. Nxd6 Qxd6 30. Rxd4 Ra1 31. Rdd1 Qe5 32. Bb2 Qxb2 33. Rxa1 Nc7 34. Qb7
Qc3 35. Rac1 1-0

[Event "40th Olympiad Open"]
[Site "Istanbul TUR"]
[Date "2012.09.07"]
[Round "10.26"]
[Board "1"]
[White "Solomon, Kenny"]
[Black "Zambrana, Oswaldo"]
[Result "1/2-1/2"]
[WhiteTitle "IM"]
[BlackTitle "GM"]
[WhiteElo "2414"]
[BlackElo "2471"]
[WhiteTeam "South Africa"]
[BlackTeam "Bolivia"]
[WhiteFideId "14300192"]
[BlackFideId "3300200"]
[EventDate "2012.08.28"]

1. Nf3 Nf6 2. c4 e6 3. g3 Be7 4. Bg2 O-O 5. O-O d5 6. d4 c6 7. Qc2 Nbd7 8. Nbd2
b6 9. e4 Bb7 10. e5 Ne8 11. cxd5 exd5 12. Re1 Nc7 13. Nf1 Ne6 14. Ne3 c5 15. Nf5
Rc8 16. Qd1 Re8 17. Nxe7+ Qxe7 18. Be3 Nb8 19. Nh4 g6 20. f4 Nc6 21. dxc5 d4 22.
Bf2 Nxc5 23. Qd2 a5 24. Rad1 Rcd8 25. a3 a4 26. h3 Nb3 27. Qd3 Nca5 28. Bxb7
Qxb7 29. f5 Nc5 30. Qd2 Nc4 31. Qh6 Rxe5 32. Rxe5 Nxe5 33. Rxd4 Qe7 34. Rxd8+
Qxd8 35. fxg6 hxg6 36. Qf4 Qd1+ 37. Kg2 Qd5+ 38. Kh2 Ncd3 39. Qd4 Qxd4 40. Bxd4
Nc4 41. Nf3 Ndxb2 42. Ne1 f5 43. g4 fxg4 44. h4 Nd1 45. Nc2 Nd6 46. Kg3 Nf5+ 47.
Kxg4 Nxd4 48. Nxd4 Ne3+ 49. Kg5 Kf7 50. Nb5 Nc4 51. Nc3 Nxa3 52. Nxa4 b5 53. Nc5
b4 54. h5 gxh5 55. Kxh5 Ke7 56. Kg4 Kd6 57. Nb3 Kd5 58. Kf3 Kc4 59. Nc1 Nc2 60.
Ke2 Na1 61. Kd1 Kd4 62. Kd2 Kc4 63. Kd1 Kb5 64. Nd3 b3 65. Kc1 Kc4 66. Nb2+ Kb4
67. Nd1 Ka3 68. Kb1 Nc2 69. Nb2 Kb4 70. Nd1 Na3+ 71. Kb2 Nc4+ 72. Kc1 Nb6 73.
Nb2 Kc3 74. Nd1+ Kd3 75. Kb2 1/2-1/2

[Event "40th Olympiad Open"]
[Site "Istanbul TUR"]
[Date "2012.09.07"]
[Round "10.26"]
[Board "4"]
[White "Ferrufino, Boris"]
[Black "Johannes Manyedi, Mabusela"]
[Result "1/2-1/2"]
[WhiteTitle "CM"]
[BlackTitle "IM"]
[WhiteElo "2171"]
[BlackElo "2306"]
[WhiteTeam "Bolivia"]
[BlackTeam "South Africa"]
[WhiteFideId "3300170"]
[BlackFideId "14300702"]
[EventDate "2012.08.28"]

1. d4 g6 2. Nf3 Bg7 3. Nbd2 c5 4. c3 cxd4 5. cxd4 Nc6 6. e3 Nf6 7. Be2 O-O 8.
O-O d5 9. a3 a5 10. b3 Bf5 11. Bb2 Rc8 12. Rc1 Nd7 13. Nh4 Be6 14. Bd3 Nf6 15.
Nhf3 Qb6 16. Nb1 Bg4 17. Nbd2 Rfd8 18. h3 Bf5 19. Bxf5 gxf5 20. Qe2 Ne4 21. Rc2
Rd6 22. Rfc1 Rcd8 23. Nxe4 fxe4 24. Nd2 f5 25. g3 Rg6 26. Kh2 Rf8 27. Rc5 e6 28.
Qb5 Qc7 29. b4 axb4 30. Qe2 Qb8 31. Rb5 Qc7 32. axb4 Qe7 33. Nb3 e5 34. Rxd5 f4
35. exf4 exf4 36. gxf4 Qh4 37. f5 Qf4+ 38. Kh1 Rxf5 39. Rxf5 Qxf5 40. Rc3 Nxb4
41. Qc4+ Nd5 42. Qc8+ Qxc8 43. Rxc8+ Kf7 44. Nc5 Rb6 45. Rd8 Rxb2 46. Rxd5 Rxf2
47. Nxe4 Rb2 48. Rd7+ Kg6 49. d5 Be5 50. d6 Rh2+ 51. Kg1 Rxh3 52. Rxb7 1/2-1/2

[Event "40th Olympiad Open"]
[Site "Istanbul TUR"]
[Date "2012.09.07"]
[Round "10.27"]
[Board "4"]
[White "Flaquer, Luis"]
[Black "Starostits, Ilmars"]
[Result "0-1"]
[WhiteTitle "FM"]
[BlackTitle "GM"]
[WhiteElo "2297"]
[BlackElo "2494"]
[WhiteTeam "Dominican Republic"]
[BlackTeam "Latvia"]
[WhiteFideId "6400485"]
[BlackFideId "11600748"]
[EventDate "2012.08.28"]

1. e4 c6 2. Nf3 d5 3. Nc3 Bg4 4. h3 Bxf3 5. Qxf3 e6 6. d4 Nf6 7. Bd2 Bb4 8. e5
Bxc3 9. bxc3 Ne4 10. Bc1 Qa5 11. Bb2 c5 12. O-O-O Nc6 13. a3 Rc8 14. Qe3 cxd4
15. cxd4 Qa4 16. Bd3 Na5 17. Bxe4 Nc4 18. Qc3 dxe4 19. Qb4 Qc6 20. Kb1 a5 21.
Qc3 O-O 22. Bc1 Rfd8 23. Ka1 b5 24. Qg3 b4 25. Bg5 Rd5 26. Bf6 g6 27. Qf4 Qa4 0-1

[Event "40th Olympiad Open"]
[Site "Istanbul TUR"]
[Date "2012.09.07"]
[Round "10.28"]
[Board "1"]
[White "Amanov, Mesgen"]
[Black "Amin, Bassem"]
[Result "1/2-1/2"]
[WhiteTitle "GM"]
[BlackTitle "GM"]
[WhiteElo "2516"]
[BlackElo "2643"]
[WhiteTeam "Turkmenistan"]
[BlackTeam "Egypt"]
[WhiteFideId "14000652"]
[BlackFideId "10601457"]
[EventDate "2012.08.28"]

1. d4 Nf6 2. c4 e6 3. Nf3 Bb4+ 4. Nbd2 b6 5. a3 Bxd2+ 6. Qxd2 Bb7 7. e3 O-O 8.
Be2 Ne4 9. Qc2 f5 10. O-O Rf6 11. b4 Rh6 12. d5 exd5 13. Bb2 dxc4 14. Qxc4+ d5
15. Qd4 Qe7 16. b5 Nd7 17. Rac1 Ndc5 18. Qe5 Qf7 19. Nd4 Rf6 20. h4 f4 21. exf4
Re8 22. Qh5 Qxh5 23. Bxh5 g6 24. Bf3 Rxf4 25. Rfd1 Rf7 26. Nc6 a6 27. Ne5 Rfe7
28. bxa6 Bxa6 29. Rxd5 Bb7 30. Bxe4 Nxe4 31. Rd7 Nc5 32. Rxe7 Rxe7 33. Rd1 Re8
34. Ng4 Kf7 35. Nf6 Re2 36. Bd4 h5 37. Nh7 Ne6 38. Be3 Ke7 39. Ng5 Nxg5 40.
Bxg5+ Ke6 41. Bf4 Rc2 42. Rd8 Rc4 43. Bg3 Be4 44. f3 Bf5 45. Kh2 Ke7 46. Rd2 b5
47. Rb2 c6 48. Rb4 Rc2 49. a4 bxa4 50. Rxa4 c5 51. Bf4 Ke6 52. Ra1 Kd5 53. Rd1+
Kc6 54. Kg1 Rc4 55. Bg5 Rb4 56. Be7 Rb7 57. Bf6 c4 58. Rc1 Kc5 59. Kf2 Rb6 60.
Bc3 Rd6 61. Ke3 Re6+ 62. Kf4 Re2 63. g3 Kb5 64. Ra1 Rc2 65. Ra3 Rc1 66. Ra5+ Kb6
67. Ra3 Rf1 68. Ra1 Bb1 69. Ke3 Kb5 70. Ra5+ Kc6 71. Ra6+ Kb5 72. Ra5+ Kb6 73.
Ra1 Rd1 74. Kf4 Rc1 75. Bd2 Rf1 76. Bc3 Kb7 77. Ke3 Rd1 78. Kf4 Kb6 79. Ra4 1/2-1/2

[Event "40th Olympiad Open"]
[Site "Istanbul TUR"]
[Date "2012.09.07"]
[Round "10.28"]
[Board "2"]
[White "Ezat, Mohamed"]
[Black "Annaberdiev, Meilis"]
[Result "0-1"]
[WhiteTitle "IM"]
[BlackTitle "IM"]
[WhiteElo "2453"]
[BlackElo "2437"]
[WhiteTeam "Egypt"]
[BlackTeam "Turkmenistan"]
[WhiteFideId "10600906"]
[BlackFideId "14000563"]
[EventDate "2012.08.28"]

1. d4 Nf6 2. c4 c5 3. d5 e6 4. Nf3 exd5 5. cxd5 d6 6. Nc3 g6 7. e4 Bg7 8. h3 O-O
9. Bd3 b5 10. Nxb5 Nxe4 11. Bxe4 Re8 12. Nd2 f5 13. O-O fxe4 14. Nc4 Ba6 15. a4
Rf8 16. Ncxd6 Bxb5 17. Nxb5 Nd7 18. Qg4 a6 19. Nc3 Ne5 20. Qxe4 Rb8 21. Qe2 c4
22. a5 Nd3 23. Qe6+ Kh8 24. Qxa6 Qh4 25. Qe6 Rxf2 26. Be3 Rfxb2 27. Qe4 Qg3 28.
a6 Be5 29. Rf7 Kg8 30. a7 Kxf7 31. d6 Qh2+ 32. Kf1 Qh1+ 33. Bg1 Rf2# 0-1

[Event "40th Olympiad Open"]
[Site "Istanbul TUR"]
[Date "2012.09.07"]
[Round "10.28"]
[Board "3"]
[White "Atabayev, Maksat"]
[Black "Labib, Ibrahim Hasan"]
[Result "1-0"]
[WhiteTitle "FM"]
[BlackTitle "IM"]
[WhiteElo "2402"]
[BlackElo "2429"]
[WhiteTeam "Turkmenistan"]
[BlackTeam "Egypt"]
[WhiteFideId "14001101"]
[BlackFideId "10600426"]
[EventDate "2012.08.28"]

1. e4 e6 2. d4 d5 3. Nc3 Nf6 4. Bg5 dxe4 5. Nxe4 Be7 6. Bxf6 gxf6 7. Nf3 a6 8.
Qe2 b5 9. O-O-O Bb7 10. Kb1 Bd5 11. Nc3 c6 12. Nd2 Qc7 13. Qh5 Nd7 14. Nxd5 cxd5
15. Bd3 f5 16. Nf3 Nf6 17. Qh6 Ng4 18. Qd2 Bd6 19. Qe2 Kd8 20. h3 Nf6 21. g4 f4
22. g5 Nd7 23. h4 Nb6 24. c3 Na4 25. Rc1 Kc8 26. c4 bxc4 27. Bxc4 Kd7 28. Bxd5
Qa5 29. Bxa8 Rxa8 30. Ne5+ Bxe5 31. dxe5 Rb8 32. Qd3+ Ke8 33. Rhd1 Qxe5 34. Qd7+
Kf8 35. Rc8+ Rxc8 36. Qxc8+ Kg7 37. Qc2 Nc5 38. Rc1 Qe4 39. f3 Qxc2+ 40. Rxc2
Nd3 41. Rc3 Nb4 42. Rc4 Nd5 43. Ra4 h6 44. Rxa6 hxg5 45. hxg5 Kg6 46. a4 Kxg5
47. Ra5 Kf6 48. Rxd5 exd5 49. a5 1-0